|
|
|
|
| LEADER |
01664nam a2200409 i 4500 |
| 001 |
EBC5219727 |
| 003 |
MiAaPQ |
| 005 |
20200520144314.0 |
| 006 |
m o d | |
| 007 |
cr cnu|||||||| |
| 008 |
180529s2010 gw o 000 0 ger d |
| 020 |
|
|
|z 9783832523039
|
| 020 |
|
|
|a 9783832598143
|q (electronic bk.)
|
| 035 |
|
|
|a (MiAaPQ)EBC5219727
|
| 035 |
|
|
|a (Au-PeEL)EBL5219727
|
| 035 |
|
|
|a (CaPaEBR)ebr11539571
|
| 035 |
|
|
|a (OCoLC)1021805734
|
| 040 |
|
|
|a MiAaPQ
|b eng
|e rda
|e pn
|c MiAaPQ
|d MiAaPQ
|
| 050 |
|
4 |
|a HD30.28
|b .G64 2010
|
| 082 |
0 |
|
|a 658.4012
|2 23
|
| 100 |
1 |
|
|a Gunes, Nazif,
|e author.
|
| 245 |
1 |
0 |
|a Business-Plan-Guide :
|b Grundlagen - Anschauungsbeispiele - Vorgehensmodell /
|c Nazif Gunes, Naciye Akca, Stephan Zelewski.
|
| 264 |
|
1 |
|a Berlin :
|b Logos Verlag Berlin,
|c [2010]
|
| 264 |
|
4 |
|c 2010
|
| 300 |
|
|
|a 1 online resource (460 pages)
|
| 336 |
|
|
|a text
|b txt
|2 rdacontent
|
| 337 |
|
|
|a computer
|b c
|2 rdamedia
|
| 338 |
|
|
|a online resource
|b cr
|2 rdacarrier
|
| 588 |
|
|
|a Description based on print version record.
|
| 590 |
|
|
|a Electronic reproduction. Ann Arbor, MI : ProQuest, 2018. Available via World Wide Web. Access may be limited to ProQuest affiliated libraries.
|
| 650 |
|
0 |
|a Business planning.
|
| 655 |
|
4 |
|a Electronic books.
|
| 700 |
1 |
|
|a Akca, Naciye,
|e author.
|
| 700 |
1 |
|
|a Zelewski, Stephan,
|e author.
|
| 776 |
0 |
8 |
|i Print version:
|a Gunes, Nazif.
|t Business-Plan-Guide : Grundlagen - Anschauungsbeispiele - Vorgehensmodell.
|d Berlin : Logos Verlag Berlin, c2010
|h 460 pages
|z 9783832523039
|
| 797 |
2 |
|
|a ProQuest (Firm)
|
| 856 |
4 |
0 |
|u https://ebookcentral.proquest.com/lib/matrademy/detail.action?docID=5219727
|z Click to View
|